000 00338nam a2200145Ia 4500
008 230718s9999 xx 000 0 und d
041 _aEng.
082 _a344
_bQAZ-L
100 _aQazi, Nouman Shams
245 0 _aLabour laws in Pakistan
260 _aPakistan
_bIrfan law book
_c2008
300 _a3.35
650 _aLaw
999 _c26913
_d26913